Fr. Conceicao Rodrigues College of Engineering

The social psychology of industry. (Record no. 24521)

MARC details
000 -LEADER
fixed length control field 00288nam a2200133Ia 4500
082 ## - DEWEY DECIMAL CLASSIFICATION NUMBER
Classification number 158.7
100 ## - MAIN ENTRY--PERSONAL NAME
Personal name Brown .J. A. C.
245 ## - TITLE STATEMENT
Title The social psychology of industry.
260 ## - PUBLICATION, DISTRIBUTION, ETC.
Name of publisher, distributor, etc. Penguin Books
Date of publication, distribution, etc. 2001
300 ## - PHYSICAL DESCRIPTION
Extent 309
546 ## - LANGUAGE NOTE
Language note ENGLISH
654 ## - SUBJECT ADDED ENTRY--FACETED TOPICAL TERMS
Focus term Psychology.
942 ## - ADDED ENTRY ELEMENTS (KOHA)
Koha item type BOOK
Holdings
Withdrawn status Lost status Damaged status Not for loan Collection Home library Current library Date acquired Cost, normal purchase price Inventory number Total Checkouts Full call number Barcode Date last seen Cost, replacement price Price effective from Koha item type
        AFT Fr. Agnel's C.Rodrigues College of Engineering Fr. Agnel's C.Rodrigues College of Engineering 17/03/2023 7.00 1075   158.7 AFT782 17/03/2023 7.00 17/03/2023 BOOK